| 000 | 00713cam a2200241u 4500 | ||
|---|---|---|---|
| 001 | 6944086 | ||
| 003 | OSt | ||
| 005 | 20230703103355.0 | ||
| 008 | 830517s1946 enkk 000 0 eng | ||
| 010 | _a 47025914 | ||
| 040 |
_aDLC _cCarP _dDLC |
||
| 050 | 0 | 0 |
_aHE151 _b.B88 |
| 082 |
_a350.8 _bBUL |
||
| 100 | 1 |
_aBulkeley, George Vicary Owen, _d1892- [from old catalog] |
|
| 245 | 1 | 0 | _aTransport administration in tropical dependencies. |
| 260 |
_aLondon, _bRailway gazette, _c1946. |
||
| 300 |
_a190 p. _bforms. _c23 cm. |
||
| 650 | 0 | _aTransportation. | |
| 651 | 0 | _aTropics. | |
| 700 | 1 |
_aSmith, Ernest John, _d1888- [from old catalog] |
|
| 906 |
_a0 _bcbc _cpremunv _du _encip _f19 _gy-gencatlg |
||
| 942 |
_2ddc _cBK |
||
| 999 |
_c3209 _d3209 |
||